| 000 | 00700cam a22002411 4500 | ||
|---|---|---|---|
| 001 | 24003 | ||
| 003 | BD-RjUL | ||
| 005 | 20211209001010.0 | ||
| 008 | 140312s1943 nyucf 000 0 eng d | ||
| 035 | _a(BD-RjUL)24068 | ||
| 040 |
_aDLC _cN _dOCoLC _dDLC _dBD-RjUL _beng |
||
| 041 | _aeng | ||
| 082 | 0 | 4 |
_a916.11 _bMAI 1943 |
| 100 | 1 |
_aMartin, Dahris. _973918 |
|
| 245 | 1 | 0 |
_aI know Tunisia / _cby Dahris, Martin |
| 260 |
_aNew York : _bI. Washburn, inc., _c1943 |
||
| 300 |
_axii, 270p. : _billus. ; _c23 cm. |
||
| 500 | _aAt head of title: Dahris Martin. | ||
| 651 | 0 |
_aQayrawān (Tunisia) _xSocial life and customs. _973919 |
|
| 942 |
_2ddc _cBK |
||
| 999 |
_c24003 _d24003 |
||